Top 10 Most Followed NFL Teams - Statistics

General Stats
  • This quiz has been taken 41 times
    38 since last reset
  • The average score is 9 of 10
Answer Stats
Hint Answer % Correct
19.9M total followers Cowboys
97%
15.4M total followers Chiefs
91%
9.4M total followers Giants
91%
17.4M total followers Patriots
91%
17M total followers Eagles
88%
9M total followers Broncos
82%
11.4M total followers Packers
82%
10.7M total followers Seahawks
82%
15.8M total followers Steelers
82%
10.4M total followers 49ers
74%
No matching quizzes found
Score Distribution
Percent of People with Each Score
Percentile by Number Answered
Your Score History
You have not taken this quiz since the last reset